000 01059nam a2200289Ia 4500
003 OSt
005 20221005111337.0
006 a|||||r|||| 00| 0
007 ta
008 221004b |||||||| |||| 00| 0 hin d
020 _a9789350001486 (hbk)
_c150
024 _a11094
037 _b336, 20/03/2014, Vani Prakashan
_cTextual
040 _aCRL
_cCRL
_bhin
041 _2hin
_ahin
082 _aO168,3N12x, 152P9
100 _aमंटो
245 0 _aमिस टीन वाला
246 _aMis ṭīn vālā
260 _aनई दिल्ली
_bवाणी प्रकाशन भारत
_c2009
300 _a103पृ0
_ccm.
490 _aमंटो अब तक; 7
650 _aउर्दू साहित्य
700 _a ज़ौक़ी, मुशर्रफ़ आलम, संपा.
942 _hO168,3N12x, 152P9
_cTEXL
_2cc
999 _c1021552
_d1021552